| 000 | 00466nam a2200157 a 4500 | ||
|---|---|---|---|
| 001 | 000032994 | ||
| 005 | 20240305135410.0 | ||
| 008 | 110805s19uu dr 000 0 spa d | ||
| 040 |
_aDO-SdBNP _bspa _cBNPHU |
||
| 082 |
_axxx _bG216n |
||
| 100 | 1 |
_aGarcía Márquez, Gabriel, _b1928-2014 _91804 |
|
| 245 | 1 | 3 |
_aEl negro que hizo esperar a los ángeles / _cGabriel García Márquez. |
| 260 |
_a[s.l.] : _b[s.n.], _c[s.f.]. |
||
| 300 |
_a117 p. ; _c19 cm. |
||
| 049 | _aBNPD | ||
| 999 |
_c32485 _d32485 |
||